000 00290nam a22001217a 4500
082 _a158
_bDHA/H
100 _aDHAMMANANDA
245 _a HOW TO LIVE WITHOUT FEAR & WORRY
260 _aMALAYSIA
_bBMS PUBLICATIONS
300 _a254
650 _aPERSONALITY DEVELOPMENT
_zMALAYSIA
942 _cBK
999 _c5122
_d5122